| 000 | 00466nam a22001697a 4500 | ||
|---|---|---|---|
| 005 | 20250128144821.0 | ||
| 008 | 250128b |||||||| |||| 00| 0 eng d | ||
| 020 | _a9781910661581 | ||
| 050 |
_aKD2094 _b.A1 ADA |
||
| 100 | _aAdams David | ||
| 245 |
_aBanking and Capital Markets _cDavid Adams |
||
| 260 |
_aGuildford _bCollege of Law publishing _c2016 |
||
| 300 |
_axx. 283p. _c30 cm x 21 cm |
||
| 500 | _aIncludes Index | ||
| 650 | _2Banking | ||
| 942 |
_2lcc _cBK _n0 |
||
| 999 |
_c3159 _d3159 |
||